2025 NASCAR Xfinity Series - Statistics

General Stats
  • This quiz has been taken 47 times
  • The average score is 20 of 28
Answer Stats
Hint Answer % Correct
#00 Haas Sheldon Creed
100%
#7 JRM Justin Allgaier
97%
#2 RCR Jesse Love
95%
#88 JRM Connor Zilisch
89%
#8 JRM Sammy Smith
89%
#21 RCR Austin Hill
81%
#1 JRM Carson Kvapil
81%
#25 AM Racing Harrison Burton
81%
#27 Jordan Anderson Jeb Burton
81%
#51 Jeremy Clements Racing Jeremy Clements
78%
#4 Alpha Prime Parker Retzlaff
78%
#41 Haas Sam Mayer
78%
#48 Big Machine Nick Sanchez
73%
#28 RSS Racing Kyle Sieg
70%
#39 RSS Racing Ryan Sieg
70%
#54 JGR Taylor Gray
70%
#16 Kaulig Christian Eckes
68%
#11 Kaulig Josh Williams
65%
#18 JGR William Sawalich
65%
#42 Young's Motorsports Anthony Alfredo
62%
#44 Alpha Prime Brennan Poole
62%
#5 Our Motorsports Kris Wright
62%
#10 Kaulig Daniel Dye
59%
#99 Viking Motorsports Matt DiBenedetto
59%
#31 Jordan Anderson Blaine Perkins
51%
#14 SS-Greenlight Garrett Smithley
51%
#26 Sam Hunt Dean Thompson
49%
#71 DGM Racing Ryan Ellis
49%
No matching quizzes found
Score Distribution
Percent of People with Each Score
Percentile by Number Answered
Your Score History
You have not taken this quiz